000
00309nam a2200133Ia 4500
008
230917s9999||||xx |||||||||||||| ||und||
040
_e
219721
_a
MAIN
041
_a
English
082
_a
954.5 K527M
100
_a
Khanna, Anju
245
0
_a
Muslim politics in the Punjab
300
_a
x, 336 p.
942
_c
TH
999
_c
73965
_d
73965